000
00260nam a2200097Ia 4500
001
645958
005
20250826153633.0
008
250824s9999 xx 000 0 und d
245
0
_a
FİZİKÇİLER ELMA DERSEM DÜŞ
_c
DUYGU KAÇARANOĞLU
260
_b
GENÇ TİMAŞ
999
_c
645958
_d
645958